Quizzes
Events
Quiz Creation
Community
Videos
Private Events
Remove Ads
Sign In
Join for FREE
Feedback
Dark Mode
Quiz Categories
Sports
Geography
Music
Movies
Television
Just For Fun
Miscellaneous
History
Literature
Language
Science
Gaming
Entertainment
Religion
Holiday
For Kids
Quiz Lab
Recent
Popular Today
Quiz Kudos Today
Editor Picks
Curator Picks
Quizzes by...
Day
Popularity
Type
Ratings
Length
Year
Community
Subscriptions
Recent Discussions
Orange Saloon
Badges
Playlists
Quests
Create
Leaderboards
Showdown
Live 5
Trivia Bingo
Activity
Puzzle Library
Sporcle Events
Private Events
Virtual Trivia
Globe League
Become a Host
Pub Owners
SporcleCon
Opinionation
Our Games
Videos
Blog
Mobile Apps
Partnerships
Remove Ads and Go Orange
Feedback
Sports
Athletes
MLB
NBA
NHL
NFL
Soccer
Sports Teams
WWE
NCAA
Football
Premier League
Basketball
Baseball
Hockey
Golf
Tennis
Cricket
Rugby
Auto Racing
Olympics
World Cup
Sports
Athletes
MLB
NBA
NHL
NFL
Soccer
Sports Teams
WWE
NCAA
Football
Premier League
Basketball
Baseball
Hockey
Golf
Tennis
Cricket
Rugby
Auto Racing
Olympics
World Cup
Random Quiz
Search Sporcle
×
Quiz Lab
Quiz Lab
Sports
WWE
Type in answers that appear in a list
Type in answers that appear in a list
Classic
Best Score? Go Orange.
WWE Monday Night Raw Main Events 1995 Stats
Can you name the WWE Monday Night Raw Main Events in 1995?
By
RoaringElbow
10m
118 Questions
1,184 Plays
1,184 Plays
1,184 Plays
Comments
Comments
Give Quiz Kudos
Give Quiz Kudos
-
- Ratings
hide this ad
Replay
Link that replays current quiz
Next Quiz
Link to next quiz in quiz playlist
You Got
0%
They Got
Avg Score
66%
Avg Friend Score
Upgrade to see
Score Distribution
Jump to the score distribution portion of the page
Score
0/118
Timer
10:00
0
Plays Today
Date
Main Event
% Correct
March 13
Bret Hart
97.4%
March 27
Bret Hart
97.4%
April 10
Bret Hart
97.4%
July 24
Bret Hart
97.4%
October 2
Bret Hart
97.4%
October 16
Bret Hart
97.4%
November 6
Bret Hart
97.4%
December 11
Bret Hart
97.4%
March 27
Owen Hart
97.2%
April 10
Owen Hart
97.2%
May 8
Owen Hart
97.2%
July 31
Owen Hart
97.2%
September 18
Owen Hart
97.2%
October 30
Owen Hart
97.2%
November 20
Owen Hart
97.2%
May 22
Shawn Michaels
95.7%
June 19
Shawn Michaels
95.7%
August 14
Shawn Michaels
95.7%
September 11
Shawn Michaels
95.7%
November 20
Shawn Michaels
95.7%
February 20
Diesel
94.8%
August 7
Diesel
94.8%
August 21
Diesel
94.8%
July 31
Razor Ramon
92.4%
October 30
Razor Ramon
92.4%
November 13
Razor Ramon
92.4%
December 18
Razor Ramon
92.4%
January 2
British Bulldog
90.3%
January 23
British Bulldog
90.3%
July 10
British Bulldog
90.3%
August 21
British Bulldog
90.3%
September 25
British Bulldog
90.3%
May 29
The Undertaker
90.2%
September 25
The Undertaker
90.2%
November 27
The Undertaker
90.2%
April 10
Yokozuna
88.5%
June 12
Yokozuna
88.5%
July 31
Yokozuna
88.5%
September 18
Yokozuna
88.5%
December 18
Yokozuna
88.5%
Date
Main Event
% Correct
April 10
1-2-3 Kid
86.1%
January 2
Lex Luger
82.9%
June 12
Lex Luger
82.9%
July 10
Lex Luger
82.9%
January 16
Mabel
81.8%
April 3
Mabel
81.8%
May 1
Mabel
81.8%
August 21
Mabel
81.8%
September 18
Mabel
81.8%
April 3
Mo
79.1%
May 1
Mo
79.1%
August 7
Mo
79.1%
August 21
Mo
79.1%
September 18
Mo
79.1%
November 27
Mo
79.1%
March 20
Billy Gunn
79%
March 20
Bart Gunn
78.9%
May 8
Bart Gunn
78.9%
September 11
Sid
77.8%
November 13
Sid
77.8%
December 4
Sid
77.8%
March 13
Jerry Lawler
76.9%
August 14
Jerry Lawler
76.9%
November 6
Jerry Lawler
76.9%
January 2
Bam Bam Bigelow
76.8%
May 15
Bam Bam Bigelow
76.8%
February 20
Jeff Jarrett
75%
May 29
Jeff Jarrett
75%
June 26
Jeff Jarrett
75%
January 2
Tatanka
72.2%
July 10
Tatanka
72.2%
April 10
Bob Holly
66.5%
May 15
Irwin R. Schyster
66.5%
June 26
Savio Vega
64.2%
July 31
Savio Vega
64.2%
February 6
Henry Godwinn
63.9%
April 17
Henry Godwinn
63.8%
July 10
Henry Godwinn
63.8%
December 4
Marty Jannetty
63.5%
October 16
Isaac Yankem
60.1%
Date
Main Event
% Correct
November 6
Isaac Yankem
60.1%
May 22
King Kong Bundy
60.1%
October 9
Skip
59.6%
December 11
Bob Backlund
58.9%
April 10
Hakushi
57.3%
July 24
Hakushi
57.3%
November 6
Hakushi
57.3%
January 30
Kama
56.9%
February 27
Kama
56.9%
July 17
Kama
56.9%
October 9
Fatu
54.7%
March 20
Tom Prichard
39.8%
March 20
Jimmy Del Ray
39.7%
March 6
Duke Droese
38%
April 24
Aldo Montoya
35.1%
July 3
Jeff Hardy
31.9%
October 23
Alundra Blayze
28.2%
June 5
Jean Pierre Lafitte
25.7%
October 2
Jean Pierre Lafitte
25.7%
October 23
Bertha Faye
25.7%
July 3
Waylon Mercy
22.6%
March 6
Steven Dunn
22.4%
January 9
Howard Finkle
10.1%
January 9
Harvey Wippleman
10%
May 1
Bill Duke
4.6%
April 3
Tony Roy
4.5%
January 23
The Black Phantom
4.2%
April 24
The Black Phantom
4.2%
April 17
Rich Myers
4%
February 27
Ken Raper
3.5%
June 5
Jerry Flynn
3.1%
April 3
Ben Jordan
3%
January 16
Lee Toblin
2.6%
February 6
Bill Weaver
2.5%
January 30
Jumbo Berretta
2.4%
July 17
Billy Mack
2.4%
May 1
Kevin Krueger
2.3%
June 19
Gus Kantarrakis
1.9%
Quiz Playlist
Details
Report
Send in Message
Add To Playlist
Classic:
Type in answers that appear in a list
Last Updated: Jul 27, 2017
Quiz Scoreboard
CHALLENGE
Sign Up to Join the Scoreboard
Show All
Scores
Hide
Comments
May contain spoilers
Recently Published
An Introduction to Baseball
by treessimontrees
Sports
5m
Movies - When Are They Set?
by FPL_Elf
Movies
5m
Popular People in 1961
by mucciniale
History
6m
More to Explore
Quiz From the Vault
Featured Blog Post
Where Did the Easter Bunny Come From?
hide this ad
You Might Also Like...
Tags
WWE Quiz
1995
Monday
Monday Night
Raw
WWF
Today's Top Quizzes in Sports
Browse Sports
hide this ad
Today's Top Quizzes in WWE
Browse WWE
Top Contributed Quizzes in Sports
1
Les meilleurs buteurs des matchs entre le PSG et l’OM
2
2022 World Cup Stars
3
FIFA Club World Cup Champions
4
Les entraîneurs de l'OM et du PSG au 21e siècle
5
Name the Premier League winners with different clubs
6
La finale Lions - Afrique du Sud 2021
7
Les joueurs passés par le LOSC et le RC Lens
8
Criteria MLB: Left Handed Sluggers
9
Players with Multiple 50 Home Run Seasons
10
5-to-1: UK Sports Teams
Explore More
Trending Topics
Crossword
Disney
Kpop
NBA
Marvel
Anime
Harry Potter
Puzzle
NFL
Pokémon
WWE
Song
Soccer
Country
The Office
hide this ad
More By:
RoaringElbow
Quiz
Plays
Rating
Category
Featured
Created
WWE SummerSlam Main Events
115,131
4.32
Sports
Apr 9, 2010
All WWE Championship Reigns in Order
17,584
3.55
Sports
Jun 22, 2010
WWE Monday Night Raw Main Events 1999
9,068
4.41
Sports
Apr 28, 2012
2013 WWE Royal Rumble
9,026
4.30
Sports
Jan 27, 2013
2000 WWE Royal Rumble
7,532
4.18
Sports
Feb 3, 2010
Go to Creator's Profile
Score Distribution
Quiz Creator Spotlight
RoaringElbow
Follow
Send a Message
Quizzes Created
-
Created Quiz Play Count
-
More By This Creator
Popular Quizzes Today
1
Find the Countries of Europe - No Outlines Minefield
2
Find the US States - No Outlines Minefield
3
The Countries of the World
4
Popular People in 1961
5
Find the US States
6
US States
7
1-10 Letter E Words III
8
Risky Map Clicking: Biggest States A-Z
More Sports Quizzes
Changing NFL Logos: Seattle Seahawks
Curator's Pick
Trending Quizzes
Risky Map Clicking: Least Populous States A-Z
1-10 Letter F Words
1-10 Letter G Words
Not Quite an Element Typing Challenge
One Thing in Common: United Kingdom
Recently Updated
Leaping Animals
pecheneg
Reality TV Shows (A-Z)
bhenderson79
Rickey Henderson's Hall of Fame Teammates
pecheneg
Champions League XIs: Arsenal
pecheneg
Quick Pick: Celebrities in WWE's Hall of Fame
aduchscher
A-Z Keypad Blitz II
pecheneg
Multiple Oscar Actors
pecheneg
Mystery Phrase Blitz: Oscar 'Best Actors'
pecheneg
F. Scott Fitzgerald Novels
LTH
Pick 3 Villains
ddd62291
Trending Topics
Kpop
Marvel
Anime
Disney
NBA
Harry Potter
Crossword
Country
Pokémon
Puzzle
The Office
Song
NFL
Soccer
WWE
Your Account Isn't Verified!
In order to create a playlist on Sporcle, you need to verify the email address you used during registration. Go to your
Sporcle Settings
to finish the process.
Report this User
Report this user for behavior that violates our
Community Guidelines
.
Details:
Send Report
Go to the Sporcle.com Mobile Site →
Comments